| 000 | 00660nam a22002177a 4500 | ||
|---|---|---|---|
| 005 | 20130527143102.0 | ||
| 010 | _aENG-107220 | ||
| 020 |
_a9781259064197 _c325.00 |
||
| 020 |
_a1259064190 _c325.00 |
||
| 035 | _aEN-90753 | ||
| 037 | _bDBAD/PUB | ||
| 082 | _a517.3 | ||
| 100 | _a Vinay Kumar | ||
| 245 |
_aIntegral calculus for JEE (Main & advanced) / _cby Vinay Kumar |
||
| 250 | _a2nd ed | ||
| 260 |
_aNew Delhi _bTata McGraw Hill _c2013 |
||
| 270 |
_aP-24, Green Park Extension _bNew Delhi _e110016 |
||
| 300 |
_avarious pagings _c24cm(pbk) |
||
| 490 | _aMcGraw Hill education winning edge series | ||
| 942 |
_2ddc _cEN _h517.3 _mVIN |
||
| 999 |
_c75885 _d75885 |
||